000
00315nam a2200133Ia 4500
100
_a
Short/Kenneth L
942
_c
BK
654
_a
microprocessors
245
_a
Microprocessors and programmed logic
260
_b
prentice hall
_a
New Delhi
_c
1988
082
_a
621.381953
_b
SHO
300
_a
619
546
_a
ENGLISH
999
_c
22981
_d
22981